LEADER 01099nam--2200337---450- 001 990005859330203316 005 20130618100132.0 035 $a000585933 035 $aUSA01000585933 035 $a(ALEPH)000585933USA01 035 $a000585933 100 $a20130618d2007----km-y0itay50------ba 101 $aita 102 $aIT 105 $a||||||||001yy 200 1 $a"Ancus Marcius", "Gens Marcia", "Deductio coloniae Ostiae"$euna lettura storico-culturale$fMaria Cristina Martini 210 $aArezzo$cFacoltà di Lettere e Filosofia, Università degli Studi di Siena$d2007 215 $a61 p.$d24 cm 225 2 $aLavori in corso$v11 410 0$12001$aLavori in corso$v11 606 0 $aOstia $zFondazione$2BNCF 676 $a937.6 700 1$aMARTINI,$bMaria Cristina$0207851 801 0$aIT$bsalbc$gISBD 912 $a990005859330203316 951 $aIX.4. 809$b207465 L.M.$cIX.4.$d00293293 959 $aBK 969 $aUMA 979 $aIANNONE$b90$c20130618$lUSA01$h1001 996 $a"Ancus Marcius", "Gens Marcia", "Deductio coloniae Ostiae"$91086296 997 $aUNISA LEADER 01148nas 2200373 c 450 001 9910892291603321 005 20260218113054.0 011 $a2663-0125 035 $a(DE-599)ZDB3119346-8 035 $a(OCoLC)1319405982 035 $a(DE-101)1257696408 035 $a(CKB)5340000000015385 035 $a(DE-599)3119346-8 035 $a(EXLCZ)995340000000015385 100 $a20220517a20199999 |y | 101 0 $aeng 135 $aur||||||||||| 181 $ctxt$2rdacontent 182 $cc$2rdamedia 183 $acr$2rdacarrier 200 00$aConservation update$eCU : publication of ERC$fEuropean Research Centre for Book and Paper Conservation - Restoration 210 31$aLangenlois$cEuropean Research Centre for Book and Paper Conservation-Restoration$d2019- 215 $aOnline-Ressource 517 1 $aCU 608 $aZeitschrift$2gnd-content 676 $a020 712 02$aEuropean Research Centre for Book and Paper Conservation-Restoration$4isb 801 0$b0012 801 1$bDE-101 801 2$b9999 906 $aJOURNAL 912 $a9910892291603321 996 $aConservation update$93429894 997 $aUNINA